000
00203 a2200097 4500
001
8468
100
_a
Thomasm, R C W
245
_a
The soldiers pocket book
260
_a
_b
Evans
_c
090
_c
6832
_d
6832
942
_a
NUST-CAE
_c
M
_c
33414
999
_c
243541
_d
243541